Darkness and light. (Record no. 17002)

000 -LEADER
fixed length control field 00633nam a2200205 a 4500
001 - CONTROL NUMBER
control field :::00020387$&:&@@
003 - CONTROL NUMBER IDENTIFIER
control field OkBaRHE
005 - DATE AND TIME OF LATEST TRANSACTION
control field 20020226114829.0
008 - FIXED-LENGTH DATA ELEMENTS--GENERAL INFORMATION
fixed length control field s1979 j 000 0 eng u
020 ## - INTERNATIONAL STANDARD BOOK NUMBER
International Standard Book Number 0851512720
040 ## - CATALOGING SOURCE
Transcribing agency
100 1# - MAIN ENTRY--PERSONAL NAME
Personal name Lloyd-Jones, David Martyn.
245 10 - TITLE STATEMENT
Title Darkness and light.
260 ## - PUBLICATION, DISTRIBUTION, ETC. (IMPRINT)
Place of publication, distribution, etc Grand Rapids, MI., :
Name of publisher, distributor, etc Baker Book House
Date of publication, distribution, etc 1979
300 ## - PHYSICAL DESCRIPTION
Extent v. (1-8) ;
Dimensions 23 cm.
650 ## - SUBJECT ADDED ENTRY--TOPICAL TERM
Topical term or geographic name as entry element Bible New Testament Ephesians I
General subdivision Sermons
650 ## - SUBJECT ADDED ENTRY--TOPICAL TERM
Topical term or geographic name as entry element Sermons
General subdivision English
942 ## - ADDED ENTRY ELEMENTS (KOHA)
Source of classification or shelving scheme
Koha item type Books
Copies
Withdrawn status Damaged status Shelving location Lost status Date last seen Copy number Full call number Koha item type Not for loan Source of classification or shelving scheme Date acquired Barcode Price effective from Permanent Location
  General Stacks 2018-04-031BS 2695.4 .L537Books  2010-04-14203872010-04-14RHEMA Bible Training College